Оптимизация многофакторного эксперимента в химии: учебное пособие

Opis bibliograficzny
Korporacja: Национальный исследовательский Томский политехнический университет
Kolejni autorzy: Короткова Е. И. Елена Ивановна, Дорожко Е. В. Елена Владимировна, Воронова О. А. Олеся Александровна, Липских О. И. Ольга Ивановна
Streszczenie:В пособии кратко изложены основные методы оптимизации многофакторного эксперимента. В доступной форме даны основы методов математической статистики, применяемые для обработки результатов эксперимента. Приведены примеры использования методов оптимизации эксперимента в химии. Включены необходимые справочные материалы (статистические таблицы). Пособие предназначено для студентов старших курсов химических специальностей высших учебных заведений.
Język:rosyjski
Wydane: Томск, Изд-во ТПУ, 2021
Hasła przedmiotowe:
Format: Książka
KOHA link:https://koha.lib.tpu.ru/cgi-bin/koha/opac-detail.pl?biblionumber=347254

MARC

LEADER 00000nam0a2200000 4500
001 347254
005 20240219092549.0
010 |a 9785438710554 
035 |a (RuTPU)RU\TPU\book\379139 
090 |a 347254 
100 |a 20220310d2021 m y0rusy50 ca 
101 0 |a rus 
102 |a RU 
105 |a y j 001zy 
200 1 |a Оптимизация многофакторного эксперимента в химии  |e учебное пособие  |f Е. И. Короткова, Е. В. Дорожко, О. А. Воронова, О. И. Липских  |g Национальный исследовательский Томский политехнический университет 
210 |a Томск  |c Изд-во ТПУ  |d 2021 
215 |a 85 с. 
320 |a Библиогр.: с. 80-81 
330 |a В пособии кратко изложены основные методы оптимизации многофакторного эксперимента. В доступной форме даны основы методов математической статистики, применяемые для обработки результатов эксперимента. Приведены примеры использования методов оптимизации эксперимента в химии. Включены необходимые справочные материалы (статистические таблицы). Пособие предназначено для студентов старших курсов химических специальностей высших учебных заведений. 
452 1 |0 (RuTPU)RU\TPU\book\378861  |t Оптимизация многофакторного эксперимента в химии  |o учебное пособие  |f Е. И. Короткова, Е. В. Дорожко, О. А. Воронова, О. И. Липских  |g Национальный исследовательский Томский политехнический университет (ТПУ)  |c Томск  |n Изд-во ТПУ  |d 2021 
606 1 |a Химический эксперимент  |2 stltpush  |3 (RuTPU)RU\TPU\subj\72794  |9 86188 
610 1 |a аналитическая химия 
610 1 |a многофакторный эксперимент 
610 1 |a планирование 
610 1 |a оптимизация 
610 1 |a математическое описание 
610 1 |a регрессионный анализ 
610 1 |a факторный эксперимент 
610 1 |a экстремумы 
610 1 |a учебные пособия 
610 1 |a труды учёных ТПУ 
675 |a 542(075.8)  |v 4 
701 1 |a Короткова  |b Е. И.  |c химик  |c профессор Томского политехнического университета, доктор химических наук  |f 1965-  |g Елена Ивановна  |3 (RuTPU)RU\TPU\pers\27109  |9 12659 
701 1 |a Дорожко  |b Е. В.  |c химик  |c инженер Томского политехнического университета  |f 1979-  |g Елена Владимировна  |3 (RuTPU)RU\TPU\pers\27108  |9 12658 
701 1 |a Воронова  |b О. А.  |c химик  |c ассистент Томского политехнического университета, кандидат химических наук  |f 1979-  |g Олеся Александровна  |3 (RuTPU)RU\TPU\pers\29232  |9 13834 
701 1 |a Липских  |b О. И.  |c химик  |c инженер Томского политехнического университета  |f 1984-  |g Ольга Ивановна  |3 (RuTPU)RU\TPU\pers\36679 
712 0 2 |a Национальный исследовательский Томский политехнический университет  |c (2009- )  |3 (RuTPU)RU\TPU\col\15902  |9 26305 
801 1 |a RU  |b 63413507  |c 20220310 
801 2 |a RU  |b 63413507  |c 20220808  |g RCR 
942 |c BK